Les 10 joueurs qui ont pris le plus de cartons rouges - Statistiques

Statistiques générales
  • Ce quiz a été pris 91 fois
  • Le résultat moyen est 1 sur 10
Statistiques - réponses
Red cards Réponse % Correct
28 Sergio Ramos
97%
27 Cyril Rool
15%
20 Felipe Melo
4%
46 Gérardo Bedoya
3%
18 Gary Medel
1%
21 Paolo Montero
1%
21 Rafael Marquez
1%
22 Alexis Ruano
0%
19 Fernando Amorebiata
0%
20 Matteo Contini
0%
Aucun quiz correspondant
Distribution des résultats
% des personnes avec chaque résultat
Percentile par nombre de réponses
Votre historique - résultats
Vous n’avez pas pris ce quiz